| 000 | 01037nam a22003257a 4500 | ||
|---|---|---|---|
| 003 | OSt | ||
| 005 | 20260331104140.0 | ||
| 007 | ta | ||
| 008 | 260331s2025 ag ||||| |||| 00| 0 spa d | ||
| 020 | _a9789873052262 | ||
| 040 | _ccj catamarca | ||
| 245 | 1 | 0 |
_aRevista de derecho penal. Derecho penal economico 2025-1: _bBlanqueo y defraudacion I |
| 250 | _a1º ed. | ||
| 260 |
_aSanta Fe: _bRubinzal Culzoni, _c2025 |
||
| 300 |
_a342 p. _c23 cm |
||
| 500 | _aINVENTARIO Nº 8129 | ||
| 650 | 7 | _2SAIJ | |
| 653 | _aLAVADO DE ACTIVOS | ||
| 653 | _aLEY DE IA-DERECHOS FUNDAMENTALES | ||
| 653 | _aIA-BLANQUEO DE DINERO | ||
| 653 | _aLEY 27.739-LAVADO DE DINERO | ||
| 653 | _aDEFRAUDACION TRIBUTARIA-ECUADOR | ||
| 653 | _aLEY 24.769-Art. 11 | ||
| 653 | _aCASO "AMC SRL" | ||
| 653 | _aINTERMEDIACION FINANCIERA | ||
| 653 | _aADUANA-CONTRABANDO-FUNCIONARIO PUBLICO | ||
| 700 | 0 |
_917 _aDonna, Egardo A. _edirector |
|
| 856 | _uhttps://drive.google.com/file/d/1fi3hUO7fvuJqkjdEm6881y_yuOQJJnFx/view?usp=sharing | ||
| 942 |
_2ddc _cBK _n0 |
||
| 999 |
_c6508 _d6508 |
||